Sinh thái học hệ sinh thái

Nội dung sách tập trung vào những nguyên lý cơ bản trong cấu trúc, hoạt động chức năng của các thành phần cấu tạo nên hệ sinh thái cũng như toàn bộ hệ thống để hệ tồn tại và phát triển bền vững trong suốt quá trình tiến hóa....

Celý popis

Uloženo v:
Podrobná bibliografie
Hlavní autor: Vũ, Trung Tạng
Médium: Kniha
Jazyk:Undetermined
Vydáno: Hà Nội Giáo dục 2009
Témata:
Tagy: Přidat tag
Žádné tagy, Buďte první, kdo otaguje tento záznam!
Thư viện lưu trữ: Trung tâm Học liệu Trường Đại học Cần Thơ
LEADER 00884nam a2200205Ia 4500
001 CTU_191649
008 210402s9999 xx 000 0 und d
020 |c 26000 
082 |a 577 
082 |b T106 
100 |a Vũ, Trung Tạng 
245 0 |a Sinh thái học hệ sinh thái 
245 0 |c Vũ Trung Tạng 
260 |a Hà Nội 
260 |b Giáo dục 
260 |c 2009 
520 |a Nội dung sách tập trung vào những nguyên lý cơ bản trong cấu trúc, hoạt động chức năng của các thành phần cấu tạo nên hệ sinh thái cũng như toàn bộ hệ thống để hệ tồn tại và phát triển bền vững trong suốt quá trình tiến hóa. 
650 |a Ecology,Sinh thái học 
910 |a Hải 
980 |a Trung tâm Học liệu Trường Đại học Cần Thơ